Catálogo público

Calculo diferencial e integral / (Record no. 109162)

MARC details
000 -CABECERA
campo de control de longitud fija 00969nam a2200325 a 4500
001 - NÚMERO DE CONTROL
campo de control 000112701
003 - IDENTIFICADOR DEL NÚMERO DE CONTROL
campo de control CHAP
005 - FECHA Y HORA DE LA ÚLTIMA TRANSACCIÓN
campo de control 20220329144318.0
008 - DATOS DE LONGITUD FIJA--INFORMACIÓN GENERAL
campo de control de longitud fija 161004s2007 mx a |r| ||1|||spa d
010 ## - NÚMERO DE CONTROL DE LA BIBLIOTECA DEL CONGRESO
Número de control de LC 109162
011 ## - ENLACE DEL NUMERO DE CONTROL DE LA BIBLIOTECA DEL CONGRESO [OBSOLETO]
Número de control de LC 110134
020 ## - NÚMERO INTERNACIONAL ESTÁNDAR DEL LIBRO
Número Internacional Estándar del Libro 9789702609896
040 ## - FUENTE DE LA CATALOGACIÓN
Centro/agencia transcriptor CHAP
082 04 - NÚMERO DE LA CLASIFICACIÓN DECIMAL DEWEY
Número de clasificación 517
Número de documento/Ítem P8Y 2007
100 00 - ENTRADA PRINCIPAL--NOMBRE DE PERSONA
Nombre de persona Purcell, Edwin J.
9 (RLIN) 93038
245 10 - MENCIÓN DE TÍTULO
Título Calculo diferencial e integral /
Mención de responsabilidad, etc. por Edwin J. Purcell, Dale Varberg y Steven E. Rigdon.
250 ## - MENCIÓN DE EDICIÓN
Mención de edición 9 ed.
260 ## - PUBLICACIÓN, DISTRIBUCIÓN, ETC.
Lugar de publicación, distribución, etc. México :
Nombre del editor, distribuidor, etc. Pearson Educación,
Fecha de publicación, distribución, etc. 2007.
300 ## - DESCRIPCIÓN FÍSICA
Extensión xv, 520 p. :
Otras características físicas il.
534 ## - NOTA SOBRE LA VERSIÓN ORIGINAL
Frase introductoria Tít. original :
Mención de título del original Calculus, 9 ed.
590 ## - NOTA LOCAL (RLIN)
Nota local E5765TAJ
Procedencia (VM) [OBSOLETO] 05
Condición del los carretes individuales (VM) [OBSOLETO] 20161004
-- UCH01
-- 0941
590 ## - NOTA LOCAL (RLIN)
Nota local E5765TAJ
Procedencia (VM) [OBSOLETO] 05
Condición del los carretes individuales (VM) [OBSOLETO] 20161004
-- UCH01
-- 1359
650 14 - PUNTO DE ACCESO ADICIONAL DE MATERIA--TÉRMINO DE MATERIA
Término de materia o nombre geográfico como elemento de entrada Cálculo diferencial.
9 (RLIN) 23993
650 14 - PUNTO DE ACCESO ADICIONAL DE MATERIA--TÉRMINO DE MATERIA
Término de materia o nombre geográfico como elemento de entrada Cálculo integral
Subdivisión general Problemas, ejercicios, etc.
9 (RLIN) 23996
700 0# - PUNTO DE ACCESO ADICIONAL--NOMBRE DE PERSONA
Nombre de persona Varberg, Dale.
9 (RLIN) 117921
700 1# - PUNTO DE ACCESO ADICIONAL--NOMBRE DE PERSONA
Nombre de persona Rigdon, Steven E.
9 (RLIN) 97411
901 ## - ELEMENTOS DE DATOS A LOCAL LDA (RLIN)
a BK
942 ## - ELEMENTOS DE PUNTO DE ACCESO ADICIONAL (KOHA)
Tipo de ítem Koha Libro
942 ## - ELEMENTOS DE PUNTO DE ACCESO ADICIONAL (KOHA)
Suprimir en OPAC 0
Holdings
Estado de retiro Estado de pérdida Fuente del sistema de clasificación o colocación Estado dañado Restricciones de uso No para préstamo Código de colección Localización permanente Ubicación/localización actual Ubicación en estantería Fecha de adquisición Información codificada de la localización en otra ubicación Total de préstamos Signatura topográfica completa Código de barras En préstamo Fecha visto por última vez Fecha del último préstamo Número de copia Precio válido a partir de Tipo de ítem Koha Renovaciones totales
    Dewey Decimal Classification   Préstamo 15 días   General Biblioteca Central Biblioteca Central Planta alta - Colección General 09/04/2018 LIBRO 10 517 P8y 2007 33724002547967 04/05/2026 17/04/2026 17/04/2026 c.3 31/12/2019 Libro  
    Dewey Decimal Classification   Préstamo 15 días   General Biblioteca Central Biblioteca Central Planta alta - Colección General 09/04/2018 LIBRO 10 517 P8y 2007 33724002565058   06/04/2026 20/03/2026 c.2 31/12/2019 Libro  
    Dewey Decimal Classification   Préstamo 15 días   General Biblioteca Central Biblioteca Central Planta alta - Colección General 09/04/2018 LIBRO 7 517 P8y 2007 33724002548017   16/03/2026 03/03/2026   31/12/2019 Libro  
    Dewey Decimal Classification   Préstamo 15 días   General Biblioteca Central Biblioteca Central Planta alta - Colección General 09/04/2018 LIBRO 15 517 P8y 2007 33724002564149   21/04/2026 06/04/2026 c.4 31/12/2019 Libro 12
    Dewey Decimal Classification   Préstamo 15 días   General Centro Regional San Luis Acatlán Centro Regional San Luis Acatlán   04/10/2016 LIBRO   517 P8Y 2007 02000000779   31/12/2019   c.2 04/10/2016 Libro  
    Dewey Decimal Classification   Préstamo 15 días   General Centro Regional San Luis Acatlán Centro Regional San Luis Acatlán   04/10/2016 LIBRO   517 P8Y 2007 02000000780   31/12/2019   c.3 04/10/2016 Libro  
    Dewey Decimal Classification   Préstamo 15 días   General Centro Regional San Luis Acatlán Centro Regional San Luis Acatlán   04/10/2016 LIBRO   517 P8Y 2007 02000000844   31/12/2019     04/10/2016 Libro  
    Dewey Decimal Classification   Préstamo 15 días   General Centro Regional San Luis Acatlán Centro Regional San Luis Acatlán   06/06/2017 LIBRO   517 P8y 2007 02000001002   31/12/2019   c.4 06/06/2017 Libro  
    Dewey Decimal Classification   Préstamo 15 días   General Centro Regional San Luis Acatlán Centro Regional San Luis Acatlán   06/06/2017 LIBRO   517 P8y 2007 02000001004   31/12/2019   c.5 06/06/2017 Libro